Normal view
MARC view
- Burton, Martin,
Entry Personal Name
001 - CONTROL NUMBER
- control field: 24666
003 - CONTROL NUMBER IDENTIFIER
- control field: NUST
005 - DATE AND TIME OF LATEST TRANSACTION
- control field: 20191024103937.0
008 - FIXED-LENGTH DATA ELEMENTS
- fixed length control field: 191024|| aca||aabn | a|a d
040 ## - CATALOGING SOURCE
- Original cataloging agency: NUST
- Transcribing agency: NUST
100 ## - HEADING--PERSONAL NAME
- Personal name: Burton, Martin,
- Titles and other words associated with a name: Dr.
670 ## - SOURCE DATA FOUND
- Source citation: Work cat.: (NUST)0: Burton, Martin, Dr., Irrigation management :, c2010.
